000 00775nam a22002417a 4500
003 UA-OsUOA
001 53846
007 ta
008 20151202b un ||||| |||| 00| 0 ukr d
100 _aИльинъ И.
090 _a242
_bИ46
942 _cBK
040 _aUA-OsUOA
_brus
_cUA-OsUOA
_dUA-OsUOA
245 _aПуть къ оочевидности
300 _a155 с.
955 _a4
041 _arus
080 _a242
260 _aМюнхенъ
_bТипографія Обители преп. Іова Почаевскаго въ Мюнхенъ-Оберминцигъ
_c1957
650 7 _a2 Релігія. Теологія.
_2UDC
999 _c433963
_d433963